| 000 | 00729nam a2200265 a 4500 | ||
|---|---|---|---|
| 001 | BRL_330 | ||
| 005 | 20190320210705.0 | ||
| 008 | 300713s1985----mx-ao#####---#000-0#spa-# | ||
| 020 | _a9681619420 | ||
| 041 | _aspa | ||
| 044 | _amx | ||
| 050 | 4 |
_aF1219.3 _b.W47 1985 |
|
| 100 | 1 |
_aWestheim, Paul _96016 |
|
| 245 | 1 | 0 |
_aLa calavera _cPaul Westheim ; traducción de Mariana Frenk. |
| 260 |
_aMéxico _bFCE : SEP _c1985 |
||
| 300 |
_a89 p. _bil. _c21 cm. |
||
| 440 | 0 |
_aLecturas mexicanas _v91 _923567 |
|
| 500 | _aAu329 | ||
| 650 | 1 | 4 |
_aMitología indígena _zMéxico _923568 |
| 650 | 1 | 4 |
_aMuerte en el arte _923569 |
| 650 | 1 | 4 |
_aDanza macabra _923570 |
| 710 | 2 |
_aFrenk, Mariana _etr. _923571 |
|
| 902 | _aGRL | ||
| 942 |
_2lcc _cB |
||
| 999 |
_c9143 _d9143 |
||